| Поле | Инд. | ПП | Название | Значение |
|---|---|---|---|---|
| Тип записи | a | |||
| Библиографический уровень | b | |||
| 001 | Контрольный номер | RU/IS/BASE/178305074 | ||
| 005 | Дата корректировки | 20200522190930.6 | ||
| 008 | Кодируемые данные | 20050825 | ||
| 084 | a | Индекс другой классификации/Индекс ББК | 72.3(2Рос)6* | |
| 100 | 1_ | a | Автор | Данилов Ю. А. |
| q | Полное имя | Данилов Юлий Александрович | ||
| 245 | a | Заглавие | Илья Романович Пригожин | |
| 650 | a | Основная рубрика | история науки | |
| a | Основная рубрика | наука | ||
| 653 | a | Ключевые слова | XX век | |
| a | Ключевые слова | Россия | ||
| 773 | t | Заглавие источника | Устойчивое развитие. Наука и практика | |
| d | Дата издания источника | 2003 | ||
| g | Прочая информация | № 2. - С. 3 - 6 | ||
| w | Контрольный № источника | RU/IS/BASE/129299810 | ||
| 901 | t | Тип документа | b |